Pacific Crest Trail (National Scenic Trail) : Washington, 1986.

Bibliographic Details
Corporate Author: United States. Forest Service. Pacific Northwest Region
Format: Government Document Map
Language:English
Published: Portland, Or. : Regional Office, 1986.
Subjects:

MARC

Tag First Indicator Second Indicator Subfields
LEADER 00000cem a2200000 a 4500
001 in00001252221
005 20151003091228.0
007 aj canzn
008 870623s1986 oruag a f 1 eng d
010 |a gp 95082209  
034 1 |a a  |b 63360  |d W1225000  |e W1203000  |f N0490000  |g N0453000 
035 |a (OCoLC)16052375 
035 |9 AGV3078AM 
040 |a IGA  |c IGA  |d OCL  |d GPO  |d DLC  |d MvI  |d UtOrBLW 
052 |a 4232  |b P3 
052 |a 4281 
074 |a 0080-G 
086 0 |a A 13.28:P 11/6 
086 0 |a A 13.28:P 11/7 
090 |a G4242.P33 1982  |b .U52 
110 1 |a United States.  |b Forest Service.  |b Pacific Northwest Region. 
245 1 0 |a Pacific Crest Trail (National Scenic Trail) :  |b Washington, 1986. 
246 1 |i Panel title:  |a Pacific Crest National Scenic Trail 
255 |a Scale [ca. 1:63,360]  |c (W 122⁰50ʹ--W 120⁰30ʹ/N 49⁰00ʹ--N 45⁰30ʹ). 
264 1 |a Portland, Or. :  |b Regional Office,  |c 1986. 
300 |a 1 map on 2 sheets :  |b both sides, color ;  |c sheets 91 x 102 cm. folded to 23 x 11 cm. 
336 |a cartographic image  |b cri  |2 rdacontent 
337 |a unmediated  |b n  |2 rdamedia 
338 |a sheet  |b nb  |2 rdacarrier 
500 |a Relief shown by contours and spot heights. 
500 |a Shipping list number: 87-227-P. 
500 |a "Supplemental base and recreation data added in 1986." 
500 |a Map in 8 segments. 
500 |a "Willamette meridian." 
500 |a Includes: Key map, indexes to Geological Survey topographic maps, tables of essential services, descriptive trail log, text, and col. ill. 
505 0 |a [1] Northern portion -- [2] Southern portion. 
500 |a "R6-REC-251-86." 
500 |a "R6-REC-252-86." 
500 |a Cartographic material. 
650 0 |a Outdoor recreation  |z Washington (State)  |x Maps. 
650 0 |a Trails  |z Washington (State)  |x Maps. 
651 0 |a Pacific Crest Trail  |x Maps. 
999 |a MARS 
999 f f |s cdf10d02-67af-340b-93d6-b994f541d8c0  |i bd24b9ca-ea55-3533-9d5e-a42507b84164  |t 0 
952 f f |p normal  |a Texas A&M University  |b College Station  |c Sterling C. Evans Library  |d Evans: Maps (2nd floor)  |t 0  |h No information provided  |i unmediated -- sheet 
998 f f |t 0  |l Evans: Maps (2nd floor)